000 00608cam a22002173a 4500
001 39567
003 PGUSA
005 20140828083859.0
008 120429s2012||||xxu|||||s|||||000 | eng d
040 _aPGUSA
_beng
042 _adc
100 1 _aMolesworth,
_cMrs,
_d1839-1921
245 1 0 _aTwo Little Waifs
_h[electronic resource] /
_cMolesworth,
260 _bProject Gutenberg,
_c2012
506 _aPublic domain in the USA.
516 _aElectronic text
700 1 _aCrane, Walter,
_d1845-1915
830 0 _aProject Gutenberg
_v39567
856 4 0 _uhttp://www.gutenberg.org/ebooks/39567
942 _cEB
999 _c268820
_d268820